Companion encyclopedia of Asian philosophy (E-Book) (Record no. 192975)
[ view plain ]
| 000 -LEADER | |
|---|---|
| fixed length control field | 00934 a2200253 4500 |
| 003 - CONTROL NUMBER IDENTIFIER | |
| control field | Nust |
| 005 - DATE AND TIME OF LATEST TRANSACTION | |
| control field | 20170207154048.0 |
| 020 ## - INTERNATIONAL STANDARD BOOK NUMBER | |
| International Standard Book Number | 0-415-03535-X |
| 020 ## - INTERNATIONAL STANDARD BOOK NUMBER | |
| International Standard Book Number | 0-415-24038-7 |
| 040 ## - CATALOGING SOURCE | |
| Transcribing agency | Nust |
| 082 00 - DEWEY DECIMAL CLASSIFICATION NUMBER | |
| Classification number | 181 |
| 100 ## - MAIN ENTRY--PERSONAL NAME | |
| Personal name | Carr, Brian |
| 245 00 - TITLE STATEMENT | |
| Title | Companion encyclopedia of Asian philosophy (E-Book) |
| Statement of responsibility, etc. | Brian Carr and Indira Mahalingam |
| 260 ## - PUBLICATION, DISTRIBUTION, ETC. | |
| Place of publication, distribution, etc. | London : |
| Name of publisher, distributor, etc. | Routledge, |
| Date of publication, distribution, etc. | 1997 |
| 300 ## - PHYSICAL DESCRIPTION | |
| Extent | xxiii, 1136 s. |
| 505 ## - FORMATTED CONTENTS NOTE | |
| Formatted contents note | Part I: Persian Philosophy (Page-2), Part II: Indian Philosophy (Page-85), Part III: Buddhist Philosophy (Page-273), Part IV: Chinese Philosophy (Page-440), Part V: Japanese Philosophy (Page-640), Part VI: Islamic Philosophy (Page-760). |
| 650 #4 - SUBJECT ADDED ENTRY--TOPICAL TERM | |
| Topical term or geographic name entry element | Filosofi |
| General subdivision | Uppslagsbok |
| Geographic subdivision | Asien |
| 650 #4 - SUBJECT ADDED ENTRY--TOPICAL TERM | |
| Topical term or geographic name entry element | Filosofi |
| General subdivision | Uppslagsbok |
| Geographic subdivision | Asien |
| 650 #4 - SUBJECT ADDED ENTRY--TOPICAL TERM | |
| Topical term or geographic name entry element | Filosofi |
| Geographic subdivision | Asien |
| General subdivision | uppslagsbok |
| 650 #4 - SUBJECT ADDED ENTRY--TOPICAL TERM | |
| Topical term or geographic name entry element | Filosofi |
| Geographic subdivision | Asien |
| General subdivision | uppslagsbok |
| 651 ## - SUBJECT ADDED ENTRY--GEOGRAPHIC NAME | |
| Geographic name | (E-Book) |
| 700 1# - ADDED ENTRY--PERSONAL NAME | |
| Personal name | Carr, Brian |
| Relator code | oth |
| 700 1# - ADDED ENTRY--PERSONAL NAME | |
| Personal name | Mahalingam, Indira |
| Relator code | oth |
| 942 ## - ADDED ENTRY ELEMENTS (KOHA) | |
| Source of classification or shelving scheme | |
| Koha item type | Book |
| Withdrawn status | Lost status | Source of classification or shelving scheme | Damaged status | Not for loan | Collection code | Permanent Location | Current Location | Date acquired | Total Checkouts | Full call number | Barcode | Date last seen | Price effective from | Koha item type |
|---|---|---|---|---|---|---|---|---|---|---|---|---|---|---|
| Military College of Signals (MCS) | Military College of Signals (MCS) | 12/12/2016 | 181 CAR | MCSEB-2575 | 12/08/2016 | 12/12/2016 | Book |
